000 00369nam a22001337a 4500
082 _a624.17
_bKHU
_cL-20, P-130
100 _aKhurmi, R.S
_924542
245 _aTheory of structure /
_cR.S, Khurmi
260 _aDelhi :
_bS. Chand & Company (Pvt) Ltd,
_c1992.
300 _a772 p. :
526 _a0
_b0
_c0
_d624_170000000000000_KHU
650 _aMCE
_9379
942 _2ddc
_cBK
999 _c546649
_d546649